000 00507nam a2200145Ia 4500
008 090122s9999 xx 000 0 und d
082 _b6521
_a613
100 _aकोल्हटकर
_bउल्हास
_cडॉ
245 _aफिटे अंधाराचे जाळे
600 _aकोल्हटकर
630 _aफिटे अंधाराचे जाळे
700 _aकोल्हटकर
730 _aफिटे अंधाराचे जाळे
942 _cBOOK
999 _c30598
_d30598